MARC

Tag First Indicator Second Indicator Subfields
LEADER 00000cam a2200000 a 4500
001 in00000010885
005 20151007051935.0
008 870721s1988 iaua b s00110 eng
010 |a  87003299  
020 |a 0813811155 
035 |a (OCoLC)16405919 
035 |9 AAA5549AM 
040 |a DLC  |c DLC  |d TXA  |d UtOrBLW 
043 |a n-us--- 
049 |a TXAM  |c [A11035023] 
050 0 0 |a E540.F6  |b B87 1988 
082 0 |a 973.7/4  |2 19 
100 1 |a Burton, William L.,  |d 1928- 
245 1 0 |a Melting pot soldiers :  |b the Union's ethnic regiments /  |c William L. Burton. 
250 |a 1st ed. 
264 1 |a Ames :  |b Iowa State University Press,  |c 1988. 
300 |a x, 282 pages :  |b illustrations ;  |c 24 cm. 
336 |a text  |b txt  |2 rdacontent 
337 |a unmediated  |b n  |2 rdamedia 
338 |a volume  |b nc  |2 rdacarrier 
504 |a Bibliography: pages 257-273. 
500 |a Includes index. 
651 0 |a United States  |x History  |y Civil War, 1861-1865  |x Participation, Immigrant. 
651 0 |a United States  |x History  |y Civil War, 1861-1865  |x Regimental histories. 
610 1 0 |a United States.  |b Army  |x Minorities  |x History  |y 19th century. 
610 1 0 |a United States.  |b Army  |x History  |y Civil War, 1861-1865. 
650 0 |a Immigrants  |z United States  |x History  |y 19th century. 
999 |a MARS 
999 f f |s 09f8ac27-7bc1-3431-8b25-1b0b0ae410da  |i e3872a8a-1eb9-3086-8f7b-5fef36dfc495  |t 0 
952 f f |p normal  |a Texas A&M University  |b College Station  |c Sterling C. Evans Library  |d Evans: Library Stacks  |t 0  |e E540.F6 B87 1988  |h Library of Congress classification  |i unmediated -- volume  |m A14811035023 
998 f f |a E540.F6 B87 1988  |t 0  |l Evans: Library Stacks